History Quiz

Random History or Famous Quiz

Commanders of Famous Battles Quiz Stats

 Plays Quiz not verified by Sporcle

Also try: Biography: H
Challenge
Share
Tweet
Embed
Score 0/30 Timer 06:00
0 Plays Today
% Correct
Admiral Isoroku Yamamoto
88.4%
Napoleon Bonaparte
87.6%
General Robert E. Lee
86%
General George Washington
85.1%
General Bernard Montgomery
84.3%
Marshal Georgi Zhukov
82.6%
President Antonio de Santa Anna
81.8%
General Erwin Rommel
81.8%
General George Meade
81%
Duke of Wellington
80.2%
General Norman Schwarzkopf
78.5%
Joan of Arc
76.9%
General Charles Cornwallis
76%
Colonel William Travis
76%
Charles d' Albret
74.4%
% Correct
Saddam Hussein
73.6%
Alexander the Great
71.1%
Constantine XI
71.1%
King Henry V
71.1%
Admiral Husband E. Kimmel
70.2%
General Friedrich von Paulus
70.2%
Darius III
68.6%
Mark Antony and Cleopatra
68.6%
Mehmet II
68.6%
Marcus Agrippa
66.1%
William the Conquerer
64.5%
Abdul Rahman Al Ghafiqi
56.4%
Charles Martel
56.4%
Harold Godwinson
56.2%
Lord John Talbot
52.1%

You're not logged in!

Compare scores with friends on all Sporcle quizzes.
Join for Free
OR
Log In

You Might Also Like...

Show Comments

Extras

Top Quizzes Today


Score Distribution

Your Account Isn't Verified!

In order to create a playlist on Sporcle, you need to verify the email address you used during registration. Go to your Sporcle Settings to finish the process.

Report this User

Report this user for behavior that violates our Community Guidelines.

Details: